Micropropagation of somatic embryo derived plants of Hevea brasiliensis (Record no. 52941)

MARC details
000 -LEADER
fixed length control field 00540nam a2200133Ia 4500
100 ## - MAIN ENTRY--AUTHOR NAME
Personal name Sushamakumari S.
245 #0 - TITLE STATEMENT
Title Micropropagation of somatic embryo derived plants of Hevea brasiliensis
260 ## - PUBLICATION, DISTRIBUTION, ETC. (IMPRINT)
Name of publisher National Symposium on Prospects and Potentials of Plant Biotechnology in India in the 21st Century, 18-21 October 2000, Jai Narain Vyas University, Jodhpur, Rajasthan, India
Year of publication 2000
650 ## - SUBJECT ADDED ENTRY--TOPICAL TERM
Topical Term Micropropagation
650 ## - SUBJECT ADDED ENTRY--TOPICAL TERM
Topical Term Somatic embryogenesis
700 ## - ADDED ENTRY--PERSONAL NAME
Personal name Sobha S.
942 ## - ADDED ENTRY ELEMENTS (KOHA)
Koha item type Bibliography STAF
Holdings
Withdrawn status Lost status Damaged status Not for loan Home library Current library Date acquired Koha item type
      Bibliography RRII Library RRII Library 09/04/2014 Bibliography STAF